| 000 | 00544nam a2200181Ia 4500 | ||
|---|---|---|---|
| 999 |
_c36633 _d36633 |
||
| 003 | OSt | ||
| 005 | 20210127113654.0 | ||
| 008 | 190216s9999||||xx |||||||||||||| ||und|| | ||
| 020 | _a9780074636268 | ||
| 040 | _coclc | ||
| 082 |
_a153.94 _bGUH/Q |
||
| 100 |
_aGuha, Abhijit _98455 |
||
| 245 | 0 |
_aQuantitative Aptitude For Competitive Examinations / _cAbhijit Guha |
|
| 250 | _a2nd Ed. | ||
| 260 |
_bTata Mcgrawhill Publishers, _c2000. _aNew Delhi: |
||
| 300 | _a376p | ||
| 942 |
_cREF _2ddc _h153.94 _iGUH/Q _k153.94 _mGUH/Q |
||